• 首页
  • 本馆介绍
  • 公告通知
  • 最新文献
  • 馆藏检索
  • 电子资源
  • 读者导购
  • 参考咨询
  • 我的图书馆
  • 登录
  • 详细信息显示
  • 放入我的书架
  • 预约/预借图书
  • 作者相关作品
  • 分类相关作品
  • 丛书相关作品
  • 出版社相关作品

书目信息

  • 表格格式
  • 工作单格式
  • 卡片格式
题名:
茶叶采摘、加工与贮藏技术
    
 
作者: 毛祖法 编著
分册:  
出版信息: 北京   中国农业出版社  2008
页数: 221页
开本: 18cm
丛书名: 建设社会主义新农村书系
单 册:
中图分类: S571.1 , TS272
科图分类:
主题词: 茶叶--栽培 , 茶叶加工 , 茶叶--贮藏
电子资源:
ISBN: 978-7-109-12178-2
000 00872oam2 2200277 45
005 20100303150914.06
010    @a978-7-109-12178-2@dCNY10.20
100    @a20100121d2008 ekmy0chiy0120 ea
101 0  @achi
102    @aCN@b110000
105    @ay z 000yy
106    @ar
200 1  @a茶叶采摘、加工与贮藏技术@ACha Ye Cai Zhai、 Jia Gong Yu Zhu Cang Ji Shu@f毛祖法[等]编著@FMao Zu Fa [ Deng ] Bian Zhu
210    @a北京@c中国农业出版社@c农村读物出版社@d2008
215    @a221页@d18cm
225 2  @a建设社会主义新农村书系@i种植业篇
304    @a著者还有:俞燎远,陆德彪,方乾勇
461  0 @12001 @a建设社会主义新农村书系@i种植业篇
606 0  @a茶叶@x栽培
606 0  @a茶叶加工
606 0  @a茶叶@x贮藏
690    @aS571.1@v4
690    @aTS272@v4
701  0 @a毛祖法@AMao Zu Fa@4编著
801  0 @aCN@bTANGWEI@c20100303
905    @b0585228-32@dS571.1@e38@f5
    
    茶叶采摘、加工与贮藏技术/毛祖法[等]编著.-北京:中国农业出版社:农村读物出版社,2008
    221页;18cm.-(建设社会主义新农村书系.种植业篇)
    
    
    ISBN 978-7-109-12178-2:CNY10.20
    
●
相关链接 在E读中查询图书 在五车中查询图书 在当当中查询图书 在豆瓣中查询图书


正题名:茶叶采摘、加工与贮藏技术     索取号:S571.1/38         预约/预借

序号 登录号 条形码 馆藏地/架位号 状态 备注
1 0585228   205852282   第二样本阅览室/ [索取号:S571.1/38] 在馆    
2 0585229   205852291   密集书库-生命科学系/ [索取号:S571.1/38] 在馆    
3 0585230   205852308   第三借阅区/ [索取号:S571.1/38] 在馆    
4 0585231   205852317   第三借阅区/ [索取号:S571.1/38] 在馆    
5 0585232   205852326   第三借阅区/ [索取号:S571.1/38] 在馆    
唐山师范学院图书馆 欢迎您!
大连网信软件有限公司© 版权所有